[Event "FRA-ch 97th"]
[Site "L'Alpe d'Huez"]
[Date "2024.08.17"]
[Round "1.2"]
[White "Gharamian, Tigran"]
[Black "Droin, Augustin"]
[Result "1/2-1/2"]
[WhiteElo "2580"]
[BlackElo "2472"]
[PlyCount "101"]
[EventDate "2024.08.16"]
[EventType "k.o."]
[EventRounds "4"]
[EventCountry "FRA"]
[SourceTitle "CB35_2024"]
[SourceDate "2024.08.28"]
[SourceVersion "1"]
[SourceVersionDate "2024.08.28"]
[SourceQuality "1"]

1. e4 e5 2. Nf3 Nf6 3. Nxe5 d6 4. Nd3 Nxe4 5. Qe2 Qe7 6. Nf4 Nf6 7. d4 Qxe2+ 8. Bxe2 Nc6 9. c3 d5 10. Nd2 Bd6 11. Nf1 Ne7 12. f3 h5 13. h4 Nf5 14. Bd3 c6 15. Kf2 g6 16. Ne2 Ng8 17. Bf4 Nge7 18. Re1 Kf8 19. Ne3 Bxf4 20. Nxf4 Ng7 21. Re2 Bd7 22. Rhe1 Re8 23. c4 Ne6 24. Nxe6+ Bxe6 25. cxd5 cxd5 26. Rc1 Rc8 27. Rxc8+ Nxc8 28. Bc2 Kg7 29. Bb3 Ne7 30. Rc2 Nc6 31. Rc5 Nxd4 32. Bxd5 b6 33. Rc4 Bxd5 34. Nxd5 Ne6 35. Nc7 Nc5 36. Rd4 Rc8 37. Nb5 a6 38. Nc3 b5 39. Ke3 Rc6 40. Kd2 Ne6 41. Rd7 Nc5 42. Rd5 Ne6 43. g3 f5 44. Rd7+ Kf8 45. Nd5 Ke8 46. Nf6+ Kf8 47. Nd5 Ke8 48. Nf6+ Kf8 49. Ke3 f4+ 50. gxf4 Ng7 51. Nh7+ 1/2-1/2

[Event "Chess.com Speed Play In"]
[Site "Chess.com INT"]
[Date "2024.06.27"]
[Round "2"]
[White "Droin, Augustin"]
[Black "Henriquez Villagra, Cristobal"]
[Result "0-1"]
[WhiteElo "2480"]
[BlackElo "2588"]
[PlyCount "56"]
[EventDate "2024.06.27"]
[EventType "swiss (blitz)"]
[EventRounds "11"]
[EventCountry "USA"]
[SourceTitle "CB27_2024"]
[SourceDate "2024.07.03"]
[SourceVersion "1"]
[SourceVersionDate "2024.07.03"]
[SourceQuality "1"]

1. e4 d6 2. d4 Nf6 3. f3 e5 4. dxe5 dxe5 5. Qxd8+ Kxd8 6. Bc4 Ke8 7. Be3 Bd6 8. Nd2 c6 9. a4 Ke7 10. Ne2 b6 11. c3 Nbd7 12. Ng3 g6 13. h4 h6 14. h5 Bc5 15. Ke2 Bxe3 16. Kxe3 Nc5 17. hxg6 fxg6 18. b4 Ne6 19. Ne2 Bd7 20. Bb3 Ng5 21. f4 Ng4+ 22. Kd3 exf4 23. Rhf1 Ne5+ 24. Kc2 Be6 25. Nxf4 Rad8 26. Nf3 Bxb3+ 27. Kxb3 Ngxf3 28. gxf3 Rhf8 0-1

[Event "Chess.com Speed Play In"]
[Site "Chess.com INT"]
[Date "2024.06.27"]
[Round "3"]
[White "Droin, Augustin"]
[Black "Lashkin, Jegor"]
[Result "0-1"]
[WhiteElo "2480"]
[BlackElo "2451"]
[PlyCount "108"]
[EventDate "2024.06.27"]
[EventType "swiss (blitz)"]
[EventRounds "11"]
[EventCountry "USA"]
[SourceTitle "CB27_2024"]
[SourceDate "2024.07.03"]
[SourceVersion "1"]
[SourceVersionDate "2024.07.03"]
[SourceQuality "1"]

1. e4 c5 2. Nf3 d6 3. Nc3 Nf6 4. e5 dxe5 5. Nxe5 a6 6. g3 Qd6 7. f4 Nc6 8. Nc4 Qc7 9. Bg2 Be6 10. Ne3 g6 11. 0-0 Nd4 12. d3 Bg7 13. Re1 0-0 14. Ned5 Nxd5 15. Nxd5 Qd6 16. Ne3 Rab8 17. c3 Nc6 18. Nc4 Qd7 19. Be3 b6 20. Qe2 Bd5 21. Bxd5 Qxd5 22. Bf2 e6 23. Ne3 Qd7 24. Rad1 Rfd8 25. Nc4 Qc7 26. h4 h5 27. Qe4 Rd5 28. Ne3 Rd7 29. g4 hxg4 30. Nxg4 Rbd8 31. Bg3 Rd5 32. Qg2 Qd7 33. Nf2 Ne7 34. c4 Rh5 35. Ne4 Nf5 36. Bf2 Nxh4 37. Bxh4 Rxh4 38. Qg3 Rh5 39. Kg2 Bxb2 40. d4 Qe7 41. d5 exd5 42. Ng5 Qb7 43. Qf3 Bf6 44. Nh3 Rf5 45. cxd5 Rdxd5 46. Nf2 Qd7 47. Rxd5 Qxd5 48. Ne4 Kg7 49. Rd1 Qxa2+ 50. Rd2 Qc4 51. Rd7 Be5 52. Ng3 Rxf4 53. Qe3 Qe6 54. Rd2 Rg4 0-1

[Event "Chess.com Speed Play In"]
[Site "Chess.com INT"]
[Date "2024.06.27"]
[Round "1"]
[White "Zhigalko, Sergei"]
[Black "Droin, Augustin"]
[Result "0-1"]
[WhiteElo "2572"]
[BlackElo "2480"]
[PlyCount "120"]
[EventDate "2024.06.27"]
[EventType "swiss (blitz)"]
[EventRounds "11"]
[EventCountry "USA"]
[SourceTitle "CB27_2024"]
[SourceDate "2024.07.03"]
[SourceVersion "1"]
[SourceVersionDate "2024.07.03"]
[SourceQuality "1"]

1. e4 e5 2. Nf3 Nc6 3. Bc4 Nf6 4. d3 Bc5 5. 0-0 h6 6. c3 d6 7. Nbd2 a6 8. Bb3 Ba7 9. Re1 g5 10. Nc4 g4 11. Nfd2 h5 12. Nf1 h4 13. Be3 Be6 14. Bxa7 Rxa7 15. d4 Bxc4 16. Bxc4 Ra8 17. Ne3 Qd7 18. b4 Kf8 19. b5 Na5 20. bxa6 bxa6 21. Bd3 Nc6 22. Bc2 Ne7 23. dxe5 dxe5 24. Qxd7 Nxd7 25. Nxg4 Ng6 26. Rad1 Nb6 27. Bb3 h3 28. g3 Kg7 29. Kf1 a5 30. Ne3 a4 31. Bc2 Ra5 32. Bd3 Rc5 33. Rc1 a3 34. Rc2 Rd8 35. Ke2 Na4 36. Nc4 f5 37. f3 f4 38. g4 Nh4 39. Rf1 Nb2 40. Nxb2 axb2 41. Rxb2 Rxc3 42. Rd2 Ra3 43. Rc1 Nxf3 44. Rxc7+ Kg6 45. Kxf3 Rdxd3+ 46. Rxd3 Rxd3+ 47. Kf2 Rd2+ 48. Kf3 Rxa2 49. Re7 Kf6 50. Rh7 Rxh2 51. Rh6+ Kf7 52. Rh5 Ke6 53. Rh6+ Ke7 54. Rh5 Kd6 55. Rh6+ Kc5 56. Re6 Kd4 57. Rd6+ Kc4 58. Re6 Rh1 59. Rxe5 Rf1+ 60. Ke2 h2 0-1

[Event "French Rapid op"]
[Site "Saint Maur des Fosses"]
[Date "2024.06.15"]
[Round "8"]
[White "Relange, Eloi"]
[Black "Droin, Augustin"]
[Result "1/2-1/2"]
[WhiteElo "2442"]
[BlackElo "2480"]
[PlyCount "81"]
[EventDate "2024.06.15"]
[EventType "swiss (rapid)"]
[EventRounds "9"]
[EventCountry "FRA"]
[SourceTitle "CB26_2024"]
[SourceDate "2024.06.26"]
[SourceVersion "1"]
[SourceVersionDate "2024.06.26"]
[SourceQuality "1"]

1. d4 Nf6 2. Nf3 e6 3. c4 d5 4. Nc3 c6 5. e3 Nbd7 6. Qc2 Bd6 7. b3 0-0 8. Bb2 b6 9. Bd3 Bb7 10. 0-0 c5 11. cxd5 exd5 12. Nb5 Be7 13. Rfd1 a6 14. Nc3 Re8 15. dxc5 bxc5 16. Na4 g6 17. Rac1 Rc8 18. Qe2 Rc6 19. Ne5 Nxe5 20. Bxe5 Bf8 21. Bb2 d4 22. Qf3 Rc7 23. Qh3 Re5 24. Be2 Rg5 25. Bf3 Ne4 26. Kf1 Rf5 27. Bxe4 Bxe4 28. exd4 c4 29. Nc5 Ba8 30. bxc4 Rh5 31. Qc3 Bd6 32. g4 Rg5 33. h4 Rxg4 34. d5 f6 35. Ne6 Qe7 36. Nxc7 Qe4 37. Qxf6 Qg2+ 38. Ke2 Qe4+ 39. Kf1 Qg2+ 40. Ke2 Qe4+ 41. Kf1 1/2-1/2

[Event "Titled Tuesday intern op 14th May Late"]
[Site "Chess.com INT"]
[Date "2024.05.14"]
[Round "3"]
[White "Terry, Renato"]
[Black "Droin, Augustin"]
[Result "1-0"]
[WhiteElo "2524"]
[BlackElo "2477"]
[PlyCount "61"]
[EventDate "2024.05.14"]
[EventType "swiss (blitz)"]
[EventRounds "11"]
[EventCountry "USA"]
[SourceTitle "CB21_2024"]
[SourceDate "2024.05.22"]
[SourceVersion "1"]
[SourceVersionDate "2024.05.22"]
[SourceQuality "1"]

1. e4 e5 2. Nf3 Nc6 3. c3 Nf6 4. d4 Nxe4 5. d5 Bc5 6. dxc6 Bxf2+ 7. Ke2 Bb6 8. Qd5 0-0 9. Qxe4 d5 10. Qh4 Qd6 11. Kd1 h6 12. Qg3 Re8 13. Be2 bxc6 14. Rf1 Bf5 15. Nh4 Bh7 16. Nf5 Bxf5 17. Rxf5 Rad8 18. Nd2 Qe6 19. Bg4 e4 20. Nb3 d4 21. cxd4 Bxd4 22. Nxd4 Rxd4+ 23. Ke1 e3 24. Rf4 Qc4 25. Rxd4 Qxd4 26. Be2 Re5 27. a4 f5 28. Ra3 f4 29. Qg6 Rc5 30. Qe8+ Kh7 31. Bd3+ 1-0

[Event "Titled Tuesday intern op 30th Apr Early"]
[Site "Chess.com INT"]
[Date "2024.04.30"]
[Round "9"]
[White "Cherniaiev, Tykhon"]
[Black "Droin, Augustin"]
[Result "0-1"]
[WhiteElo "2306"]
[BlackElo "2478"]
[PlyCount "120"]
[EventDate "2024.04.30"]
[EventType "swiss (blitz)"]
[EventRounds "11"]
[EventCountry "USA"]
[SourceTitle "CB19_2024"]
[SourceDate "2024.05.08"]
[SourceVersion "1"]
[SourceVersionDate "2024.05.08"]
[SourceQuality "1"]

1. Nf3 d5 2. d4 Nf6 3. c4 e6 4. Nc3 c6 5. cxd5 exd5 6. Bg5 h6 7. Bh4 Bb4 8. e3 g5 9. Bg3 Ne4 10. Qb3 Qa5 11. Rc1 0-0 12. Bxb8 Rxb8 13. Bd3 Be6 14. 0-0 g4 15. Ne5 Nd2 16. Qd1 Nxf1 17. Nxg4 Nxe3 18. Nxh6+ Kg7 19. Qh5 Qd8 20. fxe3 Rh8 21. Nf5+ Bxf5 22. Qxf5 Bd6 23. h3 Qe7 24. e4 Qe6 25. Qg5+ Qg6 26. Qxg6+ fxg6 27. exd5 cxd5 28. Nxd5 Rbc8 29. Nc3 Bf4 30. Re1 Rhe8 31. Rd1 Be3+ 32. Kh1 Bxd4 33. Bxg6 Red8 34. Bf5 Bxc3 35. Rxd8 Rxd8 36. bxc3 Rd1+ 37. Kh2 Rc1 38. Kg3 Rxc3+ 39. Kf4 b5 40. Ke5 Rc5+ 41. Ke6 a5 42. g4 b4 43. h4 a4 44. Kd6 Rxf5 45. gxf5 Kf6 46. h5 Kxf5 47. h6 Kg6 48. Ke5 b3 49. axb3 axb3 50. Kd4 b2 51. Kc3 b1Q 52. Kd2 Kxh6 53. Kc3 Qb5 54. Kd2 Qc4 55. Kd1 Qb3+ 56. Kd2 Kg5 57. Kc1 Qa2 58. Kd1 Kf4 59. Kc1 Ke3 60. Kd1 Qd2# 0-1

[Event "Lyon ECAM GM"]
[Site "Lyon"]
[Date "2024.04.22"]
[Round "1"]
[White "Droin, Augustin"]
[Black "Crut, Aurelien"]
[Result "1-0"]
[WhiteElo "2478"]
[BlackElo "2312"]
[PlyCount "83"]
[EventDate "2024.04.22"]
[EventType "tourn"]
[EventRounds "9"]
[EventCountry "FRA"]
[EventCategory "8"]
[SourceTitle "CB20_2024"]
[SourceDate "2024.05.16"]
[SourceVersion "1"]
[SourceVersionDate "2024.05.16"]
[SourceQuality "1"]

1. e4 e6 2. d4 d5 3. Nc3 a6 4. Nf3 Nf6 5. e5 Nfd7 6. Ne2 c5 7. c3 Nc6 8. g3 b5 9. a3 c4 10. Be3 Qb6 11. Nf4 Be7 12. h4 Bb7 13. Ng5 Bxg5 14. hxg5 0-0-0 15. Bg2 Na5 16. Qh5 g6 17. Qh6 Nb3 18. Rd1 Rdg8 19. Ne2 Qc7 20. f4 Nb6 21. g4 Kb8 22. f5 Bc8 23. fxe6 Bxe6 24. Bh3 Qe7 25. Nf4 Qf8 26. 0-0 Qe7 27. Rf2 Rf8 28. Rdf1 Bc8 29. Bg2 Qd7 30. Bh3 Na5 31. Nh5 gxh5 32. Qxb6+ Nb7 33. Qxa6 Nd8 34. Qb6+ Bb7 35. e6 Nxe6 36. gxh5 Qe7 37. Rf6 Rhg8 38. Bxe6 fxe6 39. Bf4+ Kc8 40. Kh2 Rxf6 41. gxf6 Qf7 42. Qc5+ 1-0

[Event "Titled Tuesday intern op 16th Apr Late"]
[Site "Chess.com INT"]
[Date "2024.04.16"]
[Round "10"]
[White "Droin, Augustin"]
[Black "Malakhov, Vladimir"]
[Result "0-1"]
[WhiteElo "2478"]
[BlackElo "2648"]
[PlyCount "64"]
[EventDate "2024.04.16"]
[EventType "swiss (blitz)"]
[EventRounds "11"]
[EventCountry "USA"]
[SourceTitle "CB17_2024"]
[SourceDate "2024.04.24"]
[SourceVersion "1"]
[SourceVersionDate "2024.04.24"]
[SourceQuality "1"]

1. e4 e5 2. Nf3 Nc6 3. Bc4 Bc5 4. d3 Nf6 5. h3 h6 6. a3 d6 7. b4 Bb6 8. Be3 0-0 9. 0-0 Ne7 10. Nbd2 Ng6 11. Bb3 c6 12. Bxb6 axb6 13. d4 b5 14. dxe5 dxe5 15. Qe2 Qe7 16. Qe3 Be6 17. c4 Rfd8 18. cxb5 cxb5 19. Bxe6 Qxe6 20. Qc5 Rac8 21. Qxb5 Rc2 22. Rfd1 Qd6 23. Qa4 Qc7 24. Nf1 Rxd1 25. Rxd1 Nxe4 26. Qe8+ Kh7 27. Rd8 Nf6 28. Qa4 Rxf2 29. Kxf2 Qxd8 30. Qb5 e4 31. N3d2 Qd4+ 32. Ke1 Ne5 0-1

[Event "Titled Tuesday intern op 16th Apr Late"]
[Site "Chess.com INT"]
[Date "2024.04.16"]
[Round "6"]
[White "Paravyan, David"]
[Black "Droin, Augustin"]
[Result "1-0"]
[WhiteElo "2606"]
[BlackElo "2478"]
[PlyCount "113"]
[EventDate "2024.04.16"]
[EventType "swiss (blitz)"]
[EventRounds "11"]
[EventCountry "USA"]
[SourceTitle "CB17_2024"]
[SourceDate "2024.04.24"]
[SourceVersion "1"]
[SourceVersionDate "2024.04.24"]
[SourceQuality "1"]

1. e4 c5 2. Nf3 d6 3. d4 Nf6 4. Nc3 cxd4 5. Nxd4 e5 6. Bb5+ Nbd7 7. Nf5 a6 8. Ba4 b5 9. Bb3 Nc5 10. Bg5 Bxf5 11. exf5 Be7 12. 0-0 0-0 13. Re1 Rc8 14. Bxf6 Bxf6 15. Nd5 e4 16. c3 Be5 17. g3 Qg5 18. Bc2 Kh8 19. Bxe4 Nxe4 20. Rxe4 Qxf5 21. Qg4 Qxg4 22. Rxg4 Rfe8 23. a4 Rc5 24. Rd1 bxa4 25. Rxa4 a5 26. Nb6 g6 27. Kf1 Rb5 28. Nc4 Reb8 29. Rd2 Rc5 30. f4 Bg7 31. Nxd6 Kg8 32. Rc4 Rxc4 33. Nxc4 a4 34. Ke2 h5 35. Kd1 h4 36. gxh4 Bf6 37. h5 gxh5 38. Kc2 Rb5 39. Nd6 Ra5 40. Ne4 Be7 41. Kb1 Rf5 42. Rf2 h4 43. Ka2 Kf8 44. h3 Bd8 45. Nd6 Rd5 46. Nc4 Rd3 47. Rd2 Rxd2 48. Nxd2 f5 49. Ka3 Bc7 50. Kxa4 Bxf4 51. Nf3 Bg3 52. Kb5 Ke7 53. Kc6 Ke6 54. b4 f4 55. b5 Kf5 56. Kd5 Bf2 57. c4 1-0

[Event "Noisiel op 9th"]
[Site "Noisiel"]
[Date "2024.04.10"]
[Round "7"]
[White "Droin, Augustin"]
[Black "Peng, Li Min"]
[Result "1/2-1/2"]
[WhiteElo "2478"]
[BlackElo "2544"]
[PlyCount "34"]
[EventDate "2024.04.06"]
[EventType "swiss"]
[EventRounds "9"]
[EventCountry "FRA"]
[SourceTitle "CB16_2024"]
[SourceDate "2024.04.17"]
[SourceVersion "1"]
[SourceVersionDate "2024.04.17"]
[SourceQuality "1"]

1. e4 c5 2. Nf3 e6 3. d4 cxd4 4. Nxd4 a6 5. g3 b6 6. Bg2 Bb7 7. 0-0 d6 8. c4 Nd7 9. Re1 Qc7 10. b3 Be7 11. Bb2 Ngf6 12. Nc3 0-0 13. Qe2 Rfe8 14. Rad1 Bf8 15. Nc2 Rac8 16. g4 h6 17. h4 Nh7 1/2-1/2

[Event "Noisiel op 9th"]
[Site "Noisiel"]
[Date "2024.04.07"]
[Round "3"]
[White "Keenan, Cathal"]
[Black "Droin, Augustin"]
[Result "1/2-1/2"]
[WhiteElo "2004"]
[BlackElo "2478"]
[PlyCount "119"]
[EventDate "2024.04.06"]
[EventType "swiss"]
[EventRounds "9"]
[EventCountry "FRA"]
[SourceTitle "CB16_2024"]
[SourceDate "2024.04.17"]
[SourceVersion "1"]
[SourceVersionDate "2024.04.17"]
[SourceQuality "1"]

1. e4 c5 2. Nf3 Nc6 3. d4 cxd4 4. Nxd4 Qb6 5. Nb3 Nf6 6. Nc3 e6 7. Bd3 Bb4 8. 0-0 Bxc3 9. bxc3 d6 10. Bg5 Qc7 11. f4 Bd7 12. Qe1 h5 13. Nd4 a6 14. Kh1 Rc8 15. Qh4 Ng4 16. h3 Ne3 17. Rf3 Nxd4 18. cxd4 Qc3 19. Rb1 Nxc2 20. Bxa6 Qxd4 21. Bxb7 Rb8 22. Qg3 Nb4 23. Rfb3 Rxb7 24. a3 0-0 25. Rxb4 Rxb4 26. Rxb4 Qd1+ 27. Kh2 Kh7 28. Rb3 Bc6 29. Rd3 Qa4 30. Be7 Re8 31. Qg5 Bxe4 32. Rg3 Bg6 33. Bxd6 Qe4 34. Qe5 Qb1 35. Bb4 Rd8 36. Re3 Rd5 37. Qc3 Qf5 38. Qc7 e5 39. Rf3 e4 40. Rg3 f6 41. a4 Rd7 42. Qc6 Be8 43. Qc8 Bf7 44. Bf8 Be6 45. Qc1 Rf7 46. Bc5 Rc7 47. Rc3 Bd5 48. Be3 Rxc3 49. Qxc3 Qe6 50. a5 Bc4 51. Qd4 Bd3 52. Qc5 Kg6 53. Kg3 Qa2 54. Kh4 f5 55. Qc6+ Kh7 56. Qe8 Qxa5 57. Qxh5+ Kg8 58. Qe8+ Kh7 59. Qh5+ Kg8 60. Qe8+ 1/2-1/2

[Event "Titled Tuesday intern op 13th Feb Early"]
[Site "Chess.com INT"]
[Date "2024.02.13"]
[Round "8"]
[White "Droin, Augustin"]
[Black "Korchmar, Vasiliy"]
[Result "0-1"]
[WhiteElo "2471"]
[BlackElo "2438"]
[PlyCount "44"]
[EventDate "2024.02.13"]
[EventType "swiss (blitz)"]
[EventRounds "11"]
[EventCountry "USA"]
[SourceTitle "CB08_2024"]
[SourceDate "2024.02.21"]
[SourceVersion "1"]
[SourceVersionDate "2024.02.21"]
[SourceQuality "1"]

1. e4 c5 2. Nf3 d6 3. d4 cxd4 4. Nxd4 Nf6 5. Nc3 Nc6 6. f3 e5 7. Nb3 Be7 8. Be3 0-0 9. Qe2 a5 10. a4 Be6 11. 0-0-0 Nb4 12. Kb1 Rc8 13. Qb5 d5 14. exd5 Nfxd5 15. Nxd5 Bxd5 16. Bb6 Bxb3 17. Rxd8 Bxc2+ 18. Ka1 Bxd8 19. Be2 Bxa4 20. Qxa4 Bxb6 21. Qb5 Bd4 22. Bd3 Rc5 0-1

[Event "Titled Tuesday intern op 06th Feb Late"]
[Site "Chess.com INT"]
[Date "2024.02.06"]
[Round "1"]
[White "Droin, Augustin"]
[Black "Zhigalko, Sergei"]
[Result "0-1"]
[WhiteElo "2471"]
[BlackElo "2572"]
[PlyCount "37"]
[EventDate "2024.02.06"]
[EventType "swiss (blitz)"]
[EventRounds "11"]
[EventCountry "USA"]
[SourceTitle "CB07_2024"]
[SourceDate "2024.02.14"]
[SourceVersion "1"]
[SourceVersionDate "2024.02.14"]
[SourceQuality "1"]

1. e4 c5 2. Nf3 Nc6 3. Bb5 Nf6 4. Nc3 Qc7 5. 0-0 Nd4 6. Re1 a6 7. Bf1 Ng4 8. e5 h5 9. d3 e6 10. Bf4 d6 11. exd6 Bxd6 12. Bxd6 Qxd6 13. g3 Nf5 14. Ne4 Qc7 15. d4 cxd4 16. Nxd4 0-0 17. Nxf5 exf5 18. Nc3 Be6 19. Qf3 0-1

[Event "Titled Tuesday intern op 24th Oct Late"]
[Site "Chess.com INT"]
[Date "2023.10.24"]
[Round "8"]
[White "Droin, Augustin"]
[Black "Korchmar, Vasiliy"]
[Result "1-0"]
[WhiteElo "2468"]
[BlackElo "2438"]
[PlyCount "67"]
[EventDate "2023.10.24"]
[EventType "swiss (blitz)"]
[EventRounds "11"]
[EventCountry "USA"]
[SourceTitle "Mega2024 Update 01"]
[Source "Chessbase"]
[SourceDate "2023.11.12"]
[SourceVersion "1"]
[SourceVersionDate "2023.11.12"]
[SourceQuality "1"]

1. e4 c5 2. Nf3 d6 3. d4 cxd4 4. Nxd4 Nf6 5. Bb5+ Bd7 6. c4 Nxe4 7. Qf3 Qa5+ 8. b4 Qxb4+ 9. Nd2 Nc5 10. Ba3 Qa5 11. Bxc5 Qc7 12. Ba3 g6 13. Bb2 e5 14. Ne4 exd4 15. Bxd4 Bxb5 16. cxb5 f5 17. Nf6+ Kd8 18. Nd5 Qa5+ 19. Bc3 Qxb5 20. Bxh8 Nc6 21. Qb3 Qa6 22. Bf6+ Kd7 23. 0-0-0 Rc8 24. Kb1 Na5 25. Qa4+ b5 26. Qa3 Rc4 27. Bc3 Ra4 28. Nf6+ Kc7 29. Qc1 Nc4 30. Nd5+ Kb7 31. Nb4 Qa5 32. Nd5 Qa6 33. Rd2 Nxd2+ 34. Qxd2 1-0